Movies by Numbers Quiz Stats

 Plays Quiz Updated Nov 16, 2011

Also try: TV by Numbers
Challenge
Share
Tweet
Embed
Score 0/55 Timer 06:00
2 Plays Today
% Correct
Toy Story
89.9%
Cowardly Lion
88.9%
Tin man
88.6%
Scarecrow
86.8%
Toy Story 2
84.4%
Dorothy Gale
84.3%
Toto
82%
Sorcerer's Stone
80.8%
Frodo Baggins
79.7%
Greed
77%
Deathly Hallows: Part 1
76.7%
Deathly Hallows: Part 2
76.7%
Goblet of Fire
76.3%
Prisoner of Azkaban
75.8%
Chamber of Secrets
75.4%
Mr. Blue
75.4%
Lust
72.8%
Mr. White
71.5%
Indiana Jones and the Temple of Doom
71.4%
Gluttony
71.2%
Half-Blood Prince
71%
Up
70.1%
Cars
70%
Order of the Phoenix
69.4%
Raiders of the Lost Ark
68.4%
Sloth
68.3%
Samwise Gamgee
66.9%
Mr. Pink
66%
% Correct
Envy
65.1%
Mr. Orange
64.8%
Indiana Jones and the Kingdom of the Crystal Skull
64.6%
Monsters, Inc
64.3%
Gandalf the Grey
63.2%
Finding Nemo
62.6%
Mr. Brown
59.6%
A Bug's Life
59.6%
Indiana Jones and the Last Crusade
58.9%
Legolas
56.6%
Aragorn
55.3%
Peregrin Took (Pippin)
53.8%
WALL-E
53%
The Incredibles
51.4%
Gimli
51.3%
Meriadoc Brandybuck (Merry)
51%
Pride
48%
Schindler's List
44.2%
Boromir
43.6%
Wrath
43.6%
Tom Selleck
42.4%
Ratatouille
36%
Ted Danson
33.8%
Steve Guttenberg
30.5%
Humphrey Bogart (Charlie)
24.2%
Katharine Hepburn (Rose)
21.1%
Mr. Blonde
17.9%

You're not logged in!

Compare scores with friends on all Sporcle quizzes.
Join for Free
OR
Log In

You Might Also Like...

Show Comments

Extras

Top Quizzes Today


Score Distribution

Your Account Isn't Verified!

In order to create a playlist on Sporcle, you need to verify the email address you used during registration. Go to your Sporcle Settings to finish the process.

Report this User

Report this user for behavior that violates our Community Guidelines.

Details: